00941nam a22001577a 4500999001900000008004100019100004400060245002400104260001200128300003000140520046300170773001200633906002600645942000700671952010500678 c520141d520141220704b ||||| |||| 00| 0 eng d aGupta, Poonam and Tyagi, Abhinav931827 aGlobal perspective  aYojana  a66(3), Mar, 2022: p.37-40 aIndia is the world’s sixth-largest economy. It often also boasts of being the fastest-growing large economy. However, given its per capital income level of about USD 2000 a year, it is still considered a low middle-income country. Hence, economic growth remains an utmost priority for the county. The measures announced in the budget and the direction in which they steer the nation should help India become much more competitive globally. – Reproduced  aYojana  aECONOMIC DEVELOPMENT  cAR 00102ddc40709394211aIIPAbIIPAd2022-07-04h66(3), Mar, 2022: p.37-40pAR126805r2022-07-04yAR